Weiter zum Inhalt

Гидрокинезотерапия в программе медицинской реабилитации больных артериальной гипертонией в сочетании с ранними формами хронической цереброваскулярной патологии учебное пособие для обучения врачей на циклах профессиональной переподготовки по специальностям «кардиология», «неврология», «лечебная физкультура и спортивная медицина»

В учебном пособии на современном уровне освещены проблемы медицинской реабилитации артериальной гипертонии, осложненной ранними формами хронической цереброваскулярной патологии, что представляет интерес для практической медицины в связи с развитием кардионеврологии. Достоинством пособия является раз...

Ausführliche Beschreibung

Gespeichert in:
Bibliographische Detailangaben
1. Verfasser: Солодянкина М. Е.
Format: Книга
Sprache:Russian
Veröffentlicht: Челябинск ЮУГМУ 2016
Ausgabe:2-е изд., перераб. и доп.
Online Zugang:https://e.lanbook.com/book/197357
https://e.lanbook.com/img/cover/book/197357.jpg
Tags: Tag hinzufügen
Keine Tags, Fügen Sie den ersten Tag hinzu!
LEADER 02776nam0a2200265 i 4500
001 197357
003 RuSpLAN
005 20221220174141.0
008 221220s2016 ru gs 000 0 rus
040 |a RuSpLAN 
041 0 |a rus 
044 |a ru 
080 |a 616.12-008.331.1-06:616.831-005]-085.8 
084 |a 54.102я7  |2 rubbk 
245 0 0 |a Гидрокинезотерапия в программе медицинской реабилитации больных артериальной гипертонией в сочетании с ранними формами хронической цереброваскулярной патологии  |b учебное пособие для обучения врачей на циклах профессиональной переподготовки по специальностям «кардиология», «неврология», «лечебная физкультура и спортивная медицина»  |c Солодянкина М. Е. 
250 |a 2-е изд., перераб. и доп. 
260 |a Челябинск  |b ЮУГМУ  |c 2016 
300 |a 79 с. 
504 |a Библиогр.: доступна в карточке книги, на сайте ЭБС Лань 
520 8 |a В учебном пособии на современном уровне освещены проблемы медицинской реабилитации артериальной гипертонии, осложненной ранними формами хронической цереброваскулярной патологии, что представляет интерес для практической медицины в связи с развитием кардионеврологии. Достоинством пособия является разработанная авторами методика гидрокинезотерапии в бассейне, подтвержденная результатами собственных проспективных наблюдений у данной категории больных. Пособие предназначено для слушателей системы послевузовского и дополнительного профессионального образования по специальностям: «Кардиология», «Неврология», «Лечебная физкультура и спортивная медицина». 
521 8 |a Книга из коллекции ЮУГМУ - Медицина 
100 1 |a Солодянкина М. Е. 
856 4 |u https://e.lanbook.com/book/197357 
856 4 8 |u https://e.lanbook.com/img/cover/book/197357.jpg 
953 |a https://e.lanbook.com/img/cover/book/197357.jpg